Entry Personal Name
Number of records used in: 1
001 - CONTROL NUMBER
003 - CONTROL NUMBER IDENTIFIER
005 - DATE AND TIME OF LATEST TRANSACTION
- control field:
20231005142624.0
008 - FIXED-LENGTH DATA ELEMENTS
- fixed length control field:
040811n| azannaabn |b aaa
010 ## - LIBRARY OF CONGRESS CONTROL NUMBER
- LC control number:
n 2004012882
016 ## - NATIONAL BIBLIOGRAPHIC AGENCY CONTROL NUMBER
- Record control number:
1030H1251E
035 ## - SYSTEM CONTROL NUMBER
- System control number:
(OCoLC)oca06416484
040 ## - CATALOGING SOURCE
- Original cataloging agency:
DLC
- Language of cataloging:
eng
- Description conventions:
rda
- Transcribing agency:
DLC
- Modifying agency:
UkOxU
- Modifying agency:
MnMN
- Modifying agency:
OCoLC
- Modifying agency:
IlMpPL
- Modifying agency:
CaOONL
- Modifying agency:
ScU
- Modifying agency:
GVaS
042 ## - AUTHENTICATION CODE
046 ## - SPECIAL CODED DATES
- Birth date:
1977-10-24
- Source of date scheme:
edtf
053 #0 - LC CLASSIFICATION NUMBER
- Classification number element--single number or beginning number of span:
PS3626.E95
053 #4 - LC CLASSIFICATION NUMBER
- Classification number element--single number or beginning number of span:
PS3626.E95
- Institution to which field applies:
CaOONL
100 1# - HEADING--PERSONAL NAME
- Personal name:
Zevin, Gabrielle
370 ## - ASSOCIATED PLACE
- Associated country:
United States
- Place of birth:
New York (N.Y.)
- Place of residence/headquarters:
Los Angeles (Calif.)
- Other associated place:
Cambridge (Mass.)
- Source of term:
naf
372 ## - FIELD OF ACTIVITY
- Field of activity:
Fiction--Authorship
- Field of activity:
Motion picture authorship
- Field of activity:
Motion picture plays
- Source of term:
lcsh
373 ## - ASSOCIATED GROUP
- Associated group:
Harvard University
- Source of term:
naf
- End period:
2000
374 ## - OCCUPATION
- Occupation:
Authors
- Occupation:
Novelists
- Occupation:
Screenwriters
- Source of term:
lcsh
377 ## - ASSOCIATED LANGUAGE
400 1# - SEE FROM TRACING--PERSONAL NAME
- Personal name:
ガブリエル・ゼヴィン
670 ## - SOURCE DATA FOUND
- Source citation:
Zevin, Gabrielle. Elsewhere, 2005:
- Information found:
CIP t.p. (Gabrielle Zevin)
670 ## - SOURCE DATA FOUND
- Source citation:
Margarettown, 2005:
- Information found:
t.p. (Gabrielle Zevin) jkt. (b. in 1977 in New York; degree in English and American literature from Harvard)
670 ## - SOURCE DATA FOUND
- Source citation:
Young Jane Young, 2017:
- Information found:
title page (Gabrielle Zevin) dust jacket (author, whose books were translated into more than thirty languages; among her literary works are novels, books for children and young adults)
670 ## - SOURCE DATA FOUND
- Source citation:
Wikipedia, August 17, 2022:
- Information found:
(Gabrielle Zevin (born October 24, 1977, New York City) is an American author and screenwriter; graduated from Harvard University in 2000; lives in Los Angeles)
700 16 - ESTABLISHED HEADING LINKING ENTRY--PERSONAL NAME
- Personal name:
Zevin, Gabrielle
- Authority record control number or standard number:
(CaOONL)ncf10652592